| 000 | 00000nam##2200000za#4500 |
| 001 | 9.614377 |
| 003 | CaOODSP |
| 005 | 20200327133245 |
| 007 | ta |
| 008 | 150406|1998||||xxc||||| f|0| 0 eng|d |
| 022 | |a0706-6457 |
| 040 | |aCaOODSP|beng |
| 043 | |an-cn--- |
| 086 | 1 |aFs97-6/2194E |
| 110 | 1 |aCanada. |bDepartment of Fisheries and Oceans. |
| 245 | 12|aA bibliography of the Arctic charr Salvelinus alpinus (L.), complex: 1993-1996 / |cby K. E. Marshall, M. Layton and J. A. Babaluk. |
| 260 | |aOttawa - Ontario : |bFisheries and Oceans Canada |c1998. |
| 300 | |aiv, 48p. ; |c28 cm. |
| 490 | 1 |aCanadian technical report of fisheries and aquatic sciences|x0706-6457|v2194 |
| 500 | |aPrepared at the Central and Arctic Region, Canada Department of Fisheries and Oceans, Winnipeg, Manitoba R3T 2N6. |
| 546 | |aRésumé en français |
| 563 | |aSoftcover |
| 590 | |a98-15|b1998-04-09 |
| 720 | 1 |aMarshall, K.E. |
| 720 | 1 |aLayton, M. |
| 720 | 1 |aBabaluk, J. A. |
| 776 | 0#|tA bibliography of the Arctic charr Salvelinus alpinus (L.), complex, 1993-1996 / |w(CaOODSP)9.573988 |
| 830 | #0|aCanadian technical report of fisheries and aquatic sciences,|x0706-6457|v2194|w(CaOODSP)9.514691 |